| 000 | 00717nam 22002053 4500 | ||
|---|---|---|---|
| 001 | 201401 | ||
| 010 | _a978-972-27-1567-6 | ||
| 021 |
_aPT _b260976/07 |
||
| 090 | _a201401 | ||
| 100 | _a20260319d u||y0pory50 ba | ||
| 200 |
_aMitografias _efigurações de Antígona, Cassandra e Medeia no drama de expressão alemã do século XX _fIsabel Capeloa Gil |
||
| 210 |
_aLisboa _cImprensa Nacional-Casa da Moeda _d2007 |
||
| 215 |
_a440, [8] p. ; vol. I _cbrochado _d24 cm |
||
| 225 | _aEstudos gerais. Série universitária | ||
| 606 |
_93661 _aCrítica Literária.Estudos Literários |
||
| 675 |
_a82.09 _vPT _zpor |
||
| 700 |
_916920 _aGil _bIsabel Capeloa _f1965- |
||
| 801 |
_aPT _bBMMN _gRPC |
||
| 830 | _cVanda | ||
| 990 | _cLIVROS | ||